000 00492nam a2200157Ia 4500
005 20250410065437.0
008 240331s9999 xx 000 0 und d
020 _a9789559233213
082 _bURU
_a200
245 0 _aUruthira Kannigayar Kathasarathirattu
260 _aColombo
_bDepartment of Hindu Religious and Cultural Affairs
_c2011
300 _aXLVII, 219 p .,
500 _aUruthiraakanikayar enum kulithavar kalin samaya ilaikkiya nool
700 _aMaheswaran,V.
_eedt
942 _cL
999 _c5818
_d5818